Tim Burton Movies - Director's Filmography - Statistics

General Stats
  • This quiz has been taken 202 times
  • The average score is 13 of 21
Answer Stats
Year Movie Director Writer Producer % Correct
1988 Beetlejuice Yes No No
90%
2005 Corpse Bride Yes Story Yes
85%
1990 Edward Scissorhands Yes Story Yes
84%
1993 The Nightmare Before Christmas No Story Yes
83%
2010 Alice in Wonderland Yes No No
78%
2012 Frankenweenie Yes Story Yes
76%
1989 Batman Yes Story No
73%
2005 Charlie and the Chocolate Factory Yes No No
73%
2024 Beetlejuice Beetlejuice Yes No Yes
69%
2007 Sweeney Todd: The Demon Barber of Fleet Street Yes No No
68%
1999 Sleepy Hollow Yes No No
66%
1992 Batman Returns Yes No Yes
62%
2003 Big Fish Yes No No
56%
2012 Dark Shadows Yes No No
56%
2019 Dumbo Yes No Executive
55%
1994 Ed Wood Yes No Yes
50%
1985 Pee-Wee's Big Adventure Yes No No
49%
1996 Mars Attacks! Yes Story Yes
47%
2014 Big Eyes Yes No Yes
44%
2001 Planet of the Apes Yes No No
43%
2016 Miss Peregrine's Home For Peculiar Children Yes No No
36%
No matching quizzes found
Score Distribution
Percent of People with Each Score
Percentile by Number Answered
Your Score History
You have not taken this quiz